Bharatiya nari ke uddarak Dr.B.R. ambedker (Record no. 439065)

000 -LEADER
fixed length control field 00310cam a22001097a 4500
008 - FIXED-LENGTH DATA ELEMENTS--GENERAL INFORMATION
fixed length control field 180718b1994 xxu||||| |||| 00| 0 eng d
100 ## - MAIN ENTRY--PERSONAL NAME
Personal name Meghval, Kusum
245 ## - TITLE STATEMENT
Title Bharatiya nari ke uddarak Dr.B.R. ambedker
Statement of responsibility, etc. by Kusum Meghval
260 ## - PUBLICATION, DISTRIBUTION, ETC.
Place of publication, distribution, etc. New Delhi
Name of publisher, distributor, etc. Samyak Prakashan
Date of publication, distribution, etc. 1994
300 ## - PHYSICAL DESCRIPTION
Extent 144p.
650 ## - SUBJECT ADDED ENTRY--TOPICAL TERM
Topical term or geographic name entry element Nari
Holdings
Withdrawn status Lost status Damaged status Not for loan Permanent Location Current Location Date acquired Barcode Date last seen Price effective from Koha item type
        Indian Institute of Public Administration Indian Institute of Public Administration 2010-04-22 81814 2018-07-21 2018-07-21 Book

Powered by Koha